Conservación de los recursos naturales /

Guardado en:
Autor Corporativo: Videopedia Britannica.
Formato: Deslizar
Materias:
Etiquetas: Agregar Etiqueta
Sin Etiquetas, Sea el primero en etiquetar este registro!
LEADER 00886ngm a22002295g 4500
001 CEM.cems021563
008 130507b199?##################0###0#####d
005 20240828160512.0
245 1 0 |a Conservación de los recursos naturales /  |c Videopedia Britannica 
300 |a 11 
500 |a En soporte VHS, consultar en ventanilla. 
505 0 |a Problemas de conservación. Soluciones. Programa de uso múltiple del Servicio Forestal. Control de recursos naturales. Fuentes alternativas. Recursos no renovables. 
538 |a Soporte: VHS - Norma: Pal N - Color - Compra CEMS - Hitachi=1510 
110 2 |a Videopedia Britannica. 
082 5 7 |. 5/VID-2 
653 |a ECOLOGIA 
653 |a CONSERVACION 
653 |a RECURSOS NATURALES 
653 |a FORESTACION 
653 |a ARBOLES 
653 |a NIVEL SECUNDARIO 
859 |a CEMS  |b BIB. CEMS - Depto. Recursos Didacticos  |h 574.5  |i VID-2  |k DRD  |p 206.12  |t Ej.1